00986cam a2200193 a 450000500170000002000150001708200220003224503810005426000430043530000110047865000240048965000340051365000390054770000300058670000290061694200150064599900190066095201130067920251224150156.0 a082133245700a307.76 SER.N522014aThe human face of the urban environment :ba report to the development community on the second annual Conference on Environmentally Sustainable Development sponsored by the World Bank and held at the National Academy of Sciences and the World Bank, Washington, D.C., September 19-23, 1994 /cIsmail Serageldin and Michael A. Cohen, editors ; Alison Cave, editorial consultant. aWashington, D.C. :bWorld Bank,c1995. a 55 p. 0aCity planning96864 0aSustainable development91105 0aCommunity development, Urban968651 aSerageldin, Ismail,968661 aCohen, Michael A.,96867 2ddccUN&WB c754532d754532 00102ddc40718WBaLIBbLIBd2025-12-24l0o307.76 SER.N5pUWO5311r2025-12-24 09:32:18w2025-12-24yUN&WB